El libro del perdón / (Record no. 176487)

MARC details
000 -LEADER
campo de control de longitud fija 00724nam a22002175i 4500
001 - NÚMERO DE CONTROL
campo de control 176487
003 - IDENTIFICADOR DE NÚMERO DE CONTROL
campo de control ES-MaACL
005 - FECHA Y HORA DE LA ÚLTIMA TRANSACCIÓN
campo de control 20230906220111.0
008 - DATOS DE LONGITUD FIJA--INFORMACIÓN GENERAL
campo de control de longitud fija 110119s2010 ua |||| | spa d
020 ## - NÚMERO INTERNACIONAL ESTÁNDAR DEL LIBRO
Número Internacional Estándar del Libro 978-977-414-035-8
080 ## - NÚMERO DE LA CLASIFICACIÓN DECIMAL UNIVERSAL
Número de la Clasificación Decimal Universal 821.411.21
100 1# - ENTRADA PRINCIPAL--NOMBRE DE PERSONA
Nombre de persona Dimshawy, Ali Al-
9 (RLIN) 144798
245 13 - MENCIÓN DEL TÍTULO
Título El libro del perdón /
Mención de responsabilidad, etc. Ali Al-Dimshawy ; [traducción del árabe por: Ahmad Yamani ; revisión: Mª Julia Rubio Roldán].
260 ## - PUBLICACIÓN, DISTRIBUCIÓN, ETC.
Lugar de publicación, distribución, etc. El Cairo :
Nombre del editor, distribuidor, etc. Al-Ahmady,
Fecha de publicación, distribución, etc. 2010.
300 ## - DESCRIPCIÓN FÍSICA
Extensión 112, 112 p. ;
Dimensiones 21 cm.
546 ## - NOTA DE IDIOMA
Nota de lengua/lenguaje Texto en español y en árabe.
700 1# - ENTRADA AGREGADA--NOMBRE PERSONAL
Nombre de persona Yamani, Ahmad,
Fechas asociadas al nombre 1970-
9 (RLIN) 144799
700 1# - ENTRADA AGREGADA--NOMBRE PERSONAL
Nombre de persona Rubio Roldán, Mª Julia.
9 (RLIN) 144800
852 ## - LOCALIZACIÓN
Ubicación ES-MaACL
Número de control de estantería E-14089
Holdings
Estatus retirado Estado de pérdida Estado de daño No para préstamo Biblioteca de origen Biblioteca actual Ubicación en estantería Fecha de adquisición Fuente de adquisición Total de préstamos Signatura topográfica completa Código de barras Visto por última vez Precio de reemplazo Tipo de ítem Koha
        Biblioteca del Ateneo de Madrid Biblioteca del Ateneo de Madrid Depósito 2 19/01/2011     E-14089 1185348 23/02/2023 23/02/2023 Libro impreso